000 01903nam a2200421 a 4500
001 ebr10502336
003 CaPaEBR
006 m u
007 cr cn|||||||||
008 110809s2011 gw sb 001 0 eng d
010 _z 2011290631
020 _z9783866530928 (pbk.)
020 _z3866530927 (pbk.)
020 _z9783866539020
040 _aCaPaEBR
_cCaPaEBR
035 _a(OCoLC)746151794
043 _ae------
050 1 4 _aKJE983.T67
_bR663 2011eb
245 0 0 _aRome II regulation
_h[electronic resource] :
_bpocket commentary /
_cedited by Peter Huber.
246 3 _aRome 2 Regulation
246 3 _aRome Two Regulation
260 _aMunich :
_bSellier European Law Publishers,
_cc2011.
300 _axvii, 470 p.
490 1 _aPocket commentaries
504 _aIncludes bibliographical references and index.
505 0 _aScope -- Torts/delicts -- Unjust enrichment, negotiorum gestio and culpa in contrahendo -- Freedom of choice -- Common rules -- Final provisions.
533 _aElectronic reproduction.
_bPalo Alto, Calif. :
_cebrary,
_d2013.
_nAvailable via World Wide Web.
_nAccess may be limited to ebrary affiliated libraries.
650 0 _aConflict of laws
_xTorts
_zEuropean Union countries.
650 0 _aConflict of laws
_xUnjust enrichment
_zEuropean Union countries.
650 0 _aConflict of laws
_xTorts
_zEurope.
650 0 _aConflict of laws
_xUnjust enrichment
_zEurope.
655 7 _aElectronic books.
_2local
700 1 _aHuber, Peter,
_d1966-
_4edt
710 2 2 _aEuropean Parliament.
_tRegulation (EC) No. 864/2007 of the European Parliament and of the Council of 11 July 2007 on the law applicable to non-contractual obligations (Rome II)
710 2 _aebrary, Inc.
830 0 _aPocket commentaries.
856 4 0 _uhttp://site.ebrary.com/lib/rucke/Doc?id=10502336
_zAn electronic book accessible through the World Wide Web; click to view
999 _c115286
_d115286